LEADER 01722nam a2200241 i 4500 001 000000032007 003 CaOOAMICUS 005 20210428143257.0 008 180830s1764 fr u000 u fre u 040 $aSeMil$bita 100 1 $aCroiset, Jean .$0(OLS)http://semarc/name/2946 245 10$aExercices de piété pour tous les Dimanches et les fêtes mobiles de l'année. Contenent e qu'il y a de plus instructif & de plus intéressant dans ces jours-là ... par le r. pere Jean Croiset, de la compagnie de Jesus ... Tome 1.[-5.]. 250 $aSixième édition 260 $aA Lyon :$bChez Jean-Marie Bruyset, ruë S. Dominique,$c1764-1765. 300 $a5 v. ;$c12°. 700 1 $aBruyset, Jean-Marie,$c .$0(OLS)http://semarc/name/12793 774 0 $tDepuis la premier Dimanche de l'Avent, jusqu'au second Dimanche de Carême. Tome 1.$g1$w()242533 774 0 $tDepuis la Dimanche de la Passion, jusqu'au Dimanche de Pâque. Tome 3.$g3$w()242534 774 0 $tDepuis la Dimanche de la Résurrection de Notre Seigneur, jusqu'à la Octave de la Fête-Dieu. Tome 3.$g4$w()242535 774 0 $tcontenant la vie de Notre Seigneur Jésus-Christ, tirée des quatre évangélistes et celle de la trés-Sainte Vierge Marie, mère de Dieu.$bNouvelle édition.$g18$w()242536 996 $6245$aExercices de piété pour tous les Dimanches et les fêtes mobiles de l'année. Contenent e qu'il y a de plus instructif & de plus intéressant dans ces jours-là ... par le r. pere Jean Croiset, de la compagnie de Jesus ... Tome 1.[-5.]$9(OLS)http://semarc/title/43423 996 $6260$aA Lyon :$bChez Jean-Marie Bruyset, ruë S. Dominique$9(OLS)http://semarc/publisher/39126 LEADER 01152nam a2200277 i 4500 001 000000117765 003 CaOOAMICUS 005 20030909000000.0 008 030909s1994 xxu u000 u eng u 013 $a90454 020 $a0-85244-268-8 040 $aSeMil$bita 100 1 $aPeters, Henriette.$0(OLS)http://semarc/name/49149 245 10$aMary Ward :$ba world in contamplation /$cHenriette Peters ; translated by Helen Butterworth. 260 $aLeominster :$bGracewing,$c1994. 300 $axii, 642 p., [8] p. di tav. ;$c21 cm. 500 $aContiene : Appendix. - Fondo Card. C.M. Martini. 600 14$aWard, Mary .$0(OLS)http://semarc/subject/11122 700 1 $aButterworth, Helen.$0(OLS)http://semarc/name/49150 850 $aSeMil 852 $aSeMil$W1$xVenegono$y1$m3J VI 10$j241377$B73127$CSeMilBibl$Z2$F101904 $81 941 1 $a4 961 $aOmaggio: Martini Card. Carlo Maria 996 $6020$a0-85244-268-8$9(OLS)http://semarc/number/102235 996 $6245$aMary Ward :$ba world in contamplation$9(OLS)http://semarc/title/172935 996 $6260$aLeominster :$bGracewing$9(OLS)http://semarc/publisher/40217